[Event "Werther Schloss op-A 15th"]
[Site "Werther"]
[Date "2009.04.04"]
[Round "4"]
[White "Zimmermann, Julian"]
[Black "Gazda, Istvan"]
[Result "1-0"]
[WhiteElo "2315"]
[BlackElo "2177"]
[PlyCount "46"]
[EventDate "2009.04.02"]
[EventType "swiss"]
[EventRounds "7"]
[EventCountry "GER"]
[SourceTitle "CBM 131 Extra"]
[Source "ChessBase"]
[SourceDate "2009.09.03"]
[SourceVersion "2"]
[SourceVersionDate "2009.09.16"]
[SourceQuality "1"]

1. e4 d5 2. exd5 Nf6 3. Bb5+ Bd7 4. Be2 Nxd5 5. d4 Bf5 6. Nf3 Nd7 7. a3 e6 8. 0-0 Be7 9. c4 N5b6 10. Be3 Bf6 11. Nc3 c6 12. b4 0-0 13. Qb3 Qc7 14. Rac1 Rfc8 15. h3 h6 16. Rfd1 Nf8 17. Rd2 Qe7 18. Bf1 g5 19. g4 Bh7 20. a4 Nbd7 21. Kg2 a5 22. b5 Qb4 23. Qa2 Nb6 1-0

[Event "Werther Schloss op-A 15th"]
[Site "Werther"]
[Date "2009.04.03"]
[Round "3"]
[White "Gazda, Istvan"]
[Black "Marxen, Tobias"]
[Result "1-0"]
[WhiteElo "2177"]
[BlackElo "2038"]
[PlyCount "51"]
[EventDate "2009.04.02"]
[EventType "swiss"]
[EventRounds "7"]
[EventCountry "GER"]
[SourceTitle "CBM 131 Extra"]
[Source "ChessBase"]
[SourceDate "2009.09.03"]
[SourceVersion "2"]
[SourceVersionDate "2009.09.16"]
[SourceQuality "1"]

1. d4 d5 2. c4 e6 3. Nc3 Nf6 4. Bg5 c6 5. e3 Nbd7 6. Nf3 Be7 7. cxd5 exd5 8. Bd3 0-0 9. Qc2 Re8 10. 0-0 Ne4 11. Bxe4 dxe4 12. Nxe4 Bxg5 13. Nexg5 Nf8 14. Qb3 Qf6 15. Ne5 Rxe5 16. dxe5 Qxg5 17. f4 Qe7 18. Rad1 Be6 19. Qc2 Bg4 20. Rd4 Bd7 21. Rfd1 Rd8 22. e4 Ne6 23. Rd6 c5 24. f5 Nd4 25. Qxc5 Nc6 26. Rxc6 1-0

[Event "HUN-chT2 Asztalos 0809"]
[Site "Hungary"]
[Date "2009.02.08"]
[Round "7"]
[White "Takacs, Tamas"]
[Black "Gazda, Istvan"]
[Result "1/2-1/2"]
[WhiteElo "2027"]
[BlackElo "2177"]
[PlyCount "99"]
[EventDate "2008.10.26"]
[EventType "team-tourn"]
[EventRounds "11"]
[EventCountry "HUN"]
[SourceTitle "EXT 2010"]
[Source "ChessBase"]
[SourceDate "2010.11.25"]
[SourceVersion "1"]
[SourceVersionDate "2010.11.25"]
[SourceQuality "1"]
[WhiteTeam "MAV Elore"]
[BlackTeam "Komlo"]
[WhiteTeamCountry "HUN"]
[BlackTeamCountry "HUN"]

1. e4 d5 2. exd5 Nf6 3. d4 Nxd5 4. c4 Nb4 5. a3 N4c6 6. Be3 e5 7. d5 Ne7 8. Bd3 g6 9. Nc3 Bg7 10. f3 c6 11. Nge2 0-0 12. Qb3 b6 13. Rd1 c5 14. 0-0 Nf5 15. Bxf5 gxf5 16. Qc2 f4 17. Bf2 Ba6 18. b3 Nd7 19. Qf5 Re8 20. Ne4 Nf6 21. N2c3 Bc8 22. Nxf6+ Qxf6 23. Qxf6 Bxf6 24. Ne4 Bg7 25. b4 f5 26. Nd6 Rd8 27. bxc5 bxc5 28. Nxc8 Raxc8 29. Rfe1 Rd6 30. Rb1 Rb6 31. Rxb6 axb6 32. Rb1 e4 33. Rxb6 e3 34. Be1 Ra8 35. d6 Bd4 36. Kf1 Kf7 37. Rb3 Ke6 38. Ke2 Kxd6 39. g3 Rg8 40. Rb6+ Kd7 41. a4 fxg3 42. hxg3 f4 43. gxf4 Rg2+ 44. Kd3 Ra2 45. Rb7+ Ke6 46. Rxh7 Rxa4 47. Rh5 Ra1 48. f5+ Kf7 49. Rh1 Rd1+ 50. Ke2 1/2-1/2

[Event "HUN-chT2 Asztalos 0405"]
[Site "Hungary"]
[Date "2005.04.10"]
[Round "10"]
[White "Papagorasz, Takisz"]
[Black "Gazda, Istvan"]
[Result "1-0"]
[WhiteElo "2262"]
[BlackElo "2205"]
[PlyCount "117"]
[EventDate "2004.09.26"]
[EventType "team"]
[EventRounds "11"]
[EventCountry "HUN"]
[SourceTitle "EXT 2009"]
[Source "ChessBase"]
[SourceDate "2008.11.26"]
[SourceVersion "1"]
[SourceVersionDate "2008.11.26"]
[SourceQuality "1"]
[WhiteTeam "Fehervar"]
[BlackTeam "Komlo Banyasz"]
[WhiteTeamCountry "HUN"]
[BlackTeamCountry "HUN"]

1. d4 c5 2. d5 e5 3. e4 d6 4. c4 Be7 5. Nc3 Bg5 6. Bd3 Bxc1 7. Qxc1 Nh6 8. Nge2 f5 9. Qd2 Qf6 10. 0-0-0 f4 11. f3 Na6 12. g3 Rf8 13. Nb5 Rf7 14. Nec3 Nb4 15. Be2 a6 16. a3 Qd8 17. axb4 cxb4 18. Nxd6+ Qxd6 19. Na4 b6 20. gxf4 Rxf4 21. Qe3 Rb8 22. c5 bxc5 23. Qxc5 Rf6 24. b3 Nf7 25. Rhg1 g6 26. Kb2 Bd7 27. Rc1 Bxa4 28. bxa4 Nd8 29. Rg5 Nf7 30. Rg2 Qd7 31. Kb3 Nd8 32. Rg5 Nf7 33. Rgg1 Nd8 34. Qc7 Rb7 35. Qxe5+ Qe7 36. Qxe7+ Rxe7 37. Rc4 Nf7 38. Rgc1 Ne5 39. Rc7 Rxc7 40. Rxc7 Kd8 41. Rxh7 Nxf3 42. Kxb4 Ng5 43. Rh4 Kc7 44. Kc5 Kd7 45. a5 Ke7 46. Kd4 Rf2 47. Ke3 Rf6 48. Rf4 Rd6 49. Rf1 Nf7 50. Kd4 Rd8 51. Rg1 g5 52. Bh5 Rh8 53. Bxf7 Kxf7 54. Rg2 Rh3 55. Rb2 Ra3 56. Rb7+ Ke8 57. Ke5 Rxa5 58. Ke6 Kd8 59. d6 1-0

[Event "HUN-chT2 Asztalos 0405"]
[Site "Hungary"]
[Date "2005.02.20"]
[Round "8"]
[White "Horvath, Karoly"]
[Black "Gazda, Istvan"]
[Result "0-1"]
[WhiteElo "2173"]
[BlackElo "2205"]
[PlyCount "56"]
[EventDate "2004.09.26"]
[EventType "team"]
[EventRounds "11"]
[EventCountry "HUN"]
[SourceTitle "EXT 2009"]
[Source "ChessBase"]
[SourceDate "2008.11.26"]
[SourceVersion "1"]
[SourceVersionDate "2008.11.26"]
[SourceQuality "1"]
[WhiteTeam "Koppany"]
[BlackTeam "Komlo Banyasz"]
[WhiteTeamCountry "HUN"]
[BlackTeamCountry "HUN"]

1. e4 c5 2. Nf3 d6 3. d4 cxd4 4. Nxd4 Nf6 5. Nc3 g6 6. Be3 Bg7 7. f3 0-0 8. Qd2 Nc6 9. Bc4 Bd7 10. 0-0-0 Rc8 11. Bb3 Ne5 12. Kb1 Nc4 13. Bxc4 Rxc4 14. g4 Re8 15. g5 Nh5 16. Nd5 Be6 17. b3 Rc8 18. Ne2 Bxd5 19. Qxd5 Qc7 20. Qd2 Red8 21. Bd4 Bxd4 22. Nxd4 d5 23. exd5 Rxd5 24. c4 Rd7 25. Qe3 Rcd8 26. Kc2 Qc5 27. Kc3 Qa5+ 28. Kb2 e5 0-1

[Event "HUN-chT2 Asztalos 0304"]
[Site "Hungary"]
[Date "2003.10.05"]
[Round "2"]
[White "Karsa, Laszlo"]
[Black "Gazda, Istvan"]
[Result "1-0"]
[WhiteElo "2390"]
[BlackElo "2222"]
[PlyCount "51"]
[EventDate "2003.08.29"]
[EventType "team"]
[EventRounds "11"]
[EventCountry "HUN"]
[SourceTitle "EXT 2009"]
[Source "ChessBase"]
[SourceDate "2008.11.26"]
[SourceVersion "1"]
[SourceVersionDate "2008.11.26"]
[SourceQuality "1"]
[WhiteTeam "Pannonpower"]
[BlackTeam "Komlo Banyasz"]
[WhiteTeamCountry "HUN"]
[BlackTeamCountry "HUN"]

1. Nf3 Nf6 2. c4 e6 3. g3 b6 4. Bg2 Bb7 5. 0-0 c5 6. b3 Be7 7. Bb2 0-0 8. Nc3 d5 9. e3 Nc6 10. d3 d4 11. exd4 cxd4 12. Nb5 a6 13. Nbxd4 Nxd4 14. Nxd4 Bxg2 15. Kxg2 Qc7 16. Qf3 Rac8 17. Rfe1 Rfd8 18. Rad1 Ne8 19. Nc2 b5 20. Ne3 Qa5 21. a3 Rxd3 22. Rxd3 Qxe1 23. cxb5 axb5 24. Qb7 Rc7 25. Qxb5 Kf8 26. Rd1 1-0

[Event "HUN-chT2 Asztalos 0203"]
[Site "Hungary"]
[Date "2003.04.06"]
[Round "10"]
[White "Gazda, Istvan"]
[Black "Csala, Imre"]
[Result "1-0"]
[WhiteElo "2206"]
[BlackElo "2266"]
[PlyCount "63"]
[EventDate "2002.09.22"]
[EventType "team"]
[EventRounds "11"]
[EventCountry "HUN"]
[SourceTitle "EXT 2009"]
[Source "ChessBase"]
[SourceDate "2008.11.26"]
[SourceVersion "1"]
[SourceVersionDate "2008.11.26"]
[SourceQuality "1"]

1. d4 Nf6 2. c4 e6 3. Nc3 Bb4 4. a3 Bxc3+ 5. bxc3 h6 6. e3 d6 7. Bd3 e5 8. e4 0-0 9. Ne2 Re8 10. f3 c5 11. 0-0 Nc6 12. d5 Na5 13. Ng3 b6 14. f4 exf4 15. Bxf4 Ng4 16. Qf3 f6 17. Nh5 Qe7 18. Qg3 Qf7 19. h3 Qxh5 20. hxg4 Qxg4 21. Qh2 Re5 22. Bxe5 dxe5 23. Rf3 Qg6 24. Rg3 Bg4 25. Be2 h5 26. Qh4 Qxe4 27. Bxg4 hxg4 28. Rxg4 Qh7 29. Qxf6 Rf8 30. Qe6+ Kh8 31. Qe7 Rf4 32. Rxf4 1-0

[Event "HUN-chT2 Asztalos 0304"]
[Site "Hungary"]
[Date "2003.01.25"]
[Round "6"]
[White "Papagorasz, Takisz"]
[Black "Gazda, Istvan"]
[Result "1-0"]
[WhiteElo "2189"]
[BlackElo "2222"]
[PlyCount "71"]
[EventDate "2003.08.29"]
[EventType "team"]
[EventRounds "11"]
[EventCountry "HUN"]
[SourceTitle "EXT 2009"]
[Source "ChessBase"]
[SourceDate "2008.11.26"]
[SourceVersion "1"]
[SourceVersionDate "2008.11.26"]
[SourceQuality "1"]
[WhiteTeam "Fehervar"]
[BlackTeam "Komlo Banyasz"]
[WhiteTeamCountry "HUN"]
[BlackTeamCountry "HUN"]

1. d4 d5 2. c4 e6 3. Nf3 Nf6 4. Nc3 Nbd7 5. Qc2 Be7 6. e3 0-0 7. Bd3 g6 8. 0-0 c6 9. b3 Qa5 10. Bd2 Qd8 11. Rad1 Ne8 12. e4 dxe4 13. Nxe4 Ndf6 14. Neg5 Ng7 15. Rfe1 a5 16. h3 Nd7 17. h4 Nf6 18. g3 Ng4 19. Ne5 Nxe5 20. dxe5 Qc7 21. c5 Nf5 22. Bxf5 exf5 23. e6 Bxg5 24. exf7+ Qxf7 25. Bxg5 Be6 26. Rd6 Rfe8 27. Qc3 Bd5 28. Rxe8+ Qxe8 29. Bh6 Qe7 30. Kh2 Re8 31. Rf6 Bf7 32. Rxf5 Be6 33. Rf6 Qd7 34. Qf3 Qe7 35. Qc3 Qd7 36. Rf4 1-0

[Event "HUN-chT2 Asztalos 0203"]
[Site "Hungary"]
[Date "2003.01.19"]
[Round "5"]
[White "Sebestyen, Balazs"]
[Black "Gazda, Istvan"]
[Result "0-1"]
[WhiteElo "2308"]
[BlackElo "2206"]
[PlyCount "120"]
[EventDate "2002.09.22"]
[EventType "team"]
[EventRounds "11"]
[EventCountry "HUN"]
[SourceTitle "EXT 2009"]
[Source "ChessBase"]
[SourceDate "2008.11.26"]
[SourceVersion "1"]
[SourceVersionDate "2008.11.26"]
[SourceQuality "1"]

1. d4 d5 2. Nc3 Nf6 3. Bg5 Nbd7 4. Nf3 h6 5. Bh4 e6 6. Qd3 c5 7. e4 cxd4 8. Qxd4 Qa5 9. Bb5 Nxe4 10. 0-0 Nxc3 11. Bxd7+ Bxd7 12. bxc3 Qc5 13. Qe5 Rg8 14. Bg3 Be7 15. Rab1 b6 16. Qh5 Bf6 17. Ne5 Bxe5 18. Bxe5 Rc8 19. Bd4 Qe7 20. f4 Rc6 21. Rbe1 Kd8 22. f5 f6 23. fxe6 Bxe6 24. Re3 Qd7 25. Qf3 Re8 26. Rfe1 Bf7 27. Qg3 g6 28. Qh4 Rce6 29. Bxf6+ Kc8 30. Bd4 Rxe3 31. Rxe3 Rxe3 32. Bxe3 h5 33. h3 Qe6 34. Bd4 Kb7 35. Qd8 Qe8 36. Qd6 Qe6 37. Qf4 Qf5 38. Qe3 Qe6 39. Qf4 Qf5 40. Qe3 Be6 41. Qe2 Qe4 42. Qd2 Bf5 43. Qg5 Ka6 44. Qd8 Qe6 45. Qc7 Bxc2 46. Kh2 Bf5 47. Qd8 Kb5 48. Qc7 Qd7 49. Qf4 Qc6 50. Qc1 Qc4 51. Qb2+ Ka4 52. Be5 Qb5 53. Qd2 Qd3 54. Qb2 Qb1 55. Qd2 Be4 56. Bb8 a5 57. Bc7 Kb5 58. Qe2+ Kc6 59. Be5 Qc2 60. Qxc2 Bxc2 0-1

[Event "Harkany Tenkes Cup 26th"]
[Site "Harkany"]
[Date "2002.11.22"]
[Round "9"]
[White "Vajda, Szidonia"]
[Black "Gazda, Istvan"]
[Result "1-0"]
[WhiteElo "2365"]
[BlackElo "2206"]
[PlyCount "71"]
[EventDate "2002.11.14"]
[EventType "swiss"]
[EventRounds "9"]
[EventCountry "HUN"]
[SourceTitle "EXT 2008"]
[Source "ChessBase"]
[SourceDate "2007.11.25"]
[SourceVersion "1"]
[SourceVersionDate "2007.11.25"]
[SourceQuality "1"]

1. e4 e5 2. Nf3 Nf6 3. Nc3 Nc6 4. d4 exd4 5. Nxd4 Bb4 6. Nxc6 bxc6 7. Bd3 Qe7 8. 0-0 Bxc3 9. bxc3 d6 10. h3 h6 11. f4 0-0 12. Re1 Re8 13. Ba3 Qd8 14. Qf3 Bb7 15. e5 dxe5 16. fxe5 Nd5 17. c4 Nb6 18. Rad1 Qg5 19. Rf1 Re7 20. Qe4 g6 21. h4 f5 22. hxg5 fxe4 23. Bxe7 exd3 24. cxd3 Re8 25. Ba3 hxg5 26. Rf6 Rxe5 27. Rf8+ Kg7 28. Rdf1 Rf5 29. R1xf5 gxf5 30. Rxf5 Kg6 31. Ra5 a6 32. Bc1 Nd7 33. Rxg5+ Kf6 34. Rg8 Nc5 35. Bb2+ Ke6 36. Rb8 1-0

[Event "HUN-chT3 0102"]
[Site "Hungary"]
[Date "2002.03.03"]
[Round "8.2"]
[White "Halasz, Attila"]
[Black "Gazda, Istvan"]
[Result "1-0"]
[WhiteElo "2260"]
[BlackElo "2206"]
[PlyCount "44"]
[EventDate "2001.09.30"]
[EventType "team"]
[EventRounds "11"]
[EventCountry "HUN"]
[SourceTitle "EXT 2004"]
[Source "ChessBase"]
[SourceDate "2003.11.25"]
[SourceVersion "1"]
[SourceVersionDate "2003.11.25"]
[SourceQuality "1"]

1. d4 d5 2. Nf3 Nf6 3. g3 e6 4. Bg2 c5 5. 0-0 cxd4 6. Nxd4 e5 7. Nf3 Nc6 8. c4 dxc4 9. Qa4 Qa5 10. Qxa5 Nxa5 11. Nxe5 Bd6 12. Nf3 Rb8 13. Be3 b5 14. Rd1 Be7 15. Ne5 Bb7 16. Bxa7 Ra8 17. Bxb7 Rxa7 18. Bc6+ Nxc6 19. Nxc6 Ra6 20. Nd4 Ra5 21. a3 Bc5 22. Nc6 Ra8 1-0

[Event "HUN-chT3 0102"]
[Site "Hungary"]
[Date "2002.02.10"]
[Round "7.2"]
[White "Gazda, Istvan"]
[Black "Suranyi, Pal"]
[Result "0-1"]
[WhiteElo "2206"]
[BlackElo "2180"]
[PlyCount "78"]
[EventDate "2001.09.30"]
[EventType "team"]
[EventRounds "11"]
[EventCountry "HUN"]
[SourceTitle "EXT 2004"]
[Source "ChessBase"]
[SourceDate "2003.11.25"]
[SourceVersion "1"]
[SourceVersionDate "2003.11.25"]
[SourceQuality "1"]

1. d4 Nf6 2. c4 c5 3. d5 e6 4. Nc3 exd5 5. cxd5 d6 6. e4 g6 7. f4 Bg7 8. Bb5+ Nfd7 9. a4 0-0 10. Nf3 Re8 11. Qc2 Na6 12. 0-0 Nb4 13. Qe2 a6 14. Bc4 b5 15. axb5 Nb6 16. Bd2 Nxc4 17. Qxc4 axb5 18. Nxb5 Ba6 19. Bxb4 cxb4 20. Rxa6 Rxa6 21. Nc7 Rxe4 22. Qxe4 Qxc7 23. Qxb4 Rb6 24. Qe4 Bxb2 25. f5 Kg7 26. h4 Qc5+ 27. Kh1 Rb4 28. Qd3 Bf6 29. fxg6 hxg6 30. g3 Rb5 31. Rd1 Rb2 32. Rd2 Qc1+ 33. Rd1 Qc8 34. Qf1 Qg4 35. Rd2 Rb3 36. Rd3 Rb4 37. Kg2 Ra4 38. Qf2 Qc4 39. Ng5 Qxd3 0-1

[Event "HUN-chT3 0102"]
[Site "Hungary"]
[Date "2002.01.27"]
[Round "6.2"]
[White "Percze, Janos"]
[Black "Gazda, Istvan"]
[Result "0-1"]
[WhiteElo "2209"]
[BlackElo "2206"]
[PlyCount "56"]
[EventDate "2001.09.30"]
[EventType "team"]
[EventRounds "11"]
[EventCountry "HUN"]
[SourceTitle "EXT 2004"]
[Source "ChessBase"]
[SourceDate "2003.11.25"]
[SourceVersion "1"]
[SourceVersionDate "2003.11.25"]
[SourceQuality "1"]

1. e4 c5 2. Nf3 d6 3. d4 cxd4 4. Nxd4 Nf6 5. Nc3 g6 6. Be3 Bg7 7. f3 0-0 8. Qd2 Nc6 9. Bc4 Bd7 10. 0-0-0 Rc8 11. Bb3 Ne5 12. h4 h5 13. Bg5 Rc5 14. Kb1 b5 15. g4 hxg4 16. h5 Nxh5 17. Rxh5 gxh5 18. Nd5 Rxd5 19. Bxd5 gxf3 20. Qh2 Bg4 21. Nf5 Ng6 22. Rg1 Qd7 23. Rxg4 hxg4 24. Bh6 Be5 25. Qh5 e6 26. Bxf8 Kxf8 27. Qh6+ Ke8 28. Qh7 exf5 0-1

[Event "HUN-chT3 0102"]
[Site "Hungary"]
[Date "2001.12.02"]
[Round "4.2"]
[White "Banusz, Tamas"]
[Black "Gazda, Istvan"]
[Result "1/2-1/2"]
[WhiteElo "2197"]
[BlackElo "2199"]
[PlyCount "98"]
[EventDate "2001.09.30"]
[EventType "team"]
[EventRounds "11"]
[EventCountry "HUN"]
[SourceTitle "EXT 2004"]
[Source "ChessBase"]
[SourceDate "2003.11.25"]
[SourceVersion "1"]
[SourceVersionDate "2003.11.25"]
[SourceQuality "1"]

1. d4 Nf6 2. c4 e6 3. Nf3 d5 4. Nc3 Nbd7 5. cxd5 exd5 6. Bg5 Be7 7. e3 0-0 8. Bd3 b6 9. Ne5 Bb7 10. 0-0 Ne4 11. Ba6 Nxc3 12. bxc3 Bxa6 13. Nc6 Bxg5 14. Nxd8 Bxf1 15. Kxf1 Rfxd8 16. Qh5 h6 17. f4 g6 18. Qf3 Bf6 19. Qxd5 c5 20. Rd1 Ne5 21. Qb3 Ng4 22. Re1 cxd4 23. cxd4 Nxh2+ 24. Kg1 Ng4 25. d5 g5 26. fxg5 hxg5 27. Qd3 Kg7 28. Rf1 Rd6 29. Qe4 Ne5 30. Qf5 Re8 31. Qe4 Re7 32. Rd1 Nd7 33. Qf3 Nc5 34. g3 Ne4 35. Rd3 Bc3 36. Qg4 f6 37. Kg2 Re5 38. Qc8 Bb4 39. Rd1 a5 40. Qb7+ Kg8 41. Rh1 Rdxd5 42. Qh7+ Kf8 43. Qh8+ Ke7 44. Qg7+ Kd6 45. Qf8+ Kc6 46. Qc8+ Kb5 47. a4+ Kxa4 48. Qc6+ Ka3 49. Ra1+ Kb2 1/2-1/2

[Event "HUN-chT3 9900"]
[Site "Hungary"]
[Date "2000.03.05"]
[Round "9"]
[White "Gazda, Istvan"]
[Black "Gal, Peter"]
[Result "1/2-1/2"]
[WhiteElo "2215"]
[BlackElo "2114"]
[PlyCount "43"]
[EventDate "1999.09.26"]
[EventType "team"]
[EventRounds "11"]
[EventCountry "HUN"]
[SourceTitle "EXT 2002"]
[Source "ChessBase"]
[SourceDate "2001.11.25"]
[SourceVersion "1"]
[SourceVersionDate "2001.11.25"]
[SourceQuality "1"]

1. d4 d5 2. c4 e6 3. Nc3 Nf6 4. Bg5 Be7 5. Nf3 c6 6. e3 Nbd7 7. Rc1 h6 8. Bh4 0-0 9. Bd3 dxc4 10. Bxc4 b5 11. Bd3 Bb7 12. 0-0 a6 13. Qe2 c5 14. dxc5 Nxc5 15. Bb1 b4 16. Qc2 Ncd7 17. Ne5 Nxe5 18. Bxf6 Ng6 19. Rfd1 Qe8 20. Bxe7 Qxe7 21. Ne4 Rac8 22. Qe2 1/2-1/2

[Event "HUN-chT2 9899"]
[Site "Hungary"]
[Date "1999.??.??"]
[Round "?"]
[White "Gazda, Istvan"]
[Black "Jeszenkovics, Tibor"]
[Result "0-1"]
[WhiteElo "2280"]
[BlackElo "2220"]
[PlyCount "114"]
[EventDate "1998.??.??"]
[EventType "team"]
[EventRounds "12"]
[EventCountry "HUN"]
[SourceTitle "EXT 2000"]
[Source "ChessBase"]
[SourceDate "1999.11.16"]
[SourceVersion "1"]
[SourceVersionDate "1999.11.16"]
[SourceQuality "1"]

1. d4 Nf6 2. c4 g6 3. Nc3 Bg7 4. e4 d6 5. f4 0-0 6. Nf3 Bg4 7. Be2 Nc6 8. d5 Nb4 9. Be3 a5 10. 0-0 Qd7 11. c5 dxc5 12. Bxc5 b6 13. Ne5 Bxe2 14. Qxe2 Qe8 15. Bxb4 axb4 16. Nb5 Rc8 17. Nc6 e6 18. Qd3 exd5 19. exd5 Qd7 20. Rfd1 Rfe8 21. Rac1 Qg4 22. g3 Nh5 23. Rc4 Bf8 24. Ne5 Qh3 25. Nxc7 Red8 26. Qf1 Bc5+ 27. Rxc5 Qxf1+ 28. Kxf1 bxc5 29. d6 Nf6 30. Nc6 Rd7 31. Ne7+ Rxe7 32. dxe7 Rxc7 33. Rd8+ Kg7 34. e8Q Nxe8 35. Rxe8 Ra7 36. Rc8 Rxa2 37. Rxc5 Rxb2 38. Kg1 b3 39. Rb5 Kf6 40. g4 Ke6 41. Kf1 Kd6 42. Ke1 Kc6 43. Rb8 Kd5 44. f5 g5 45. h3 Rb1+ 46. Kd2 b2 47. Kc2 Rh1 48. Kxb2 Rxh3 49. Rf8 Ke5 50. Rxf7 Kf4 51. Rc7 Kxg4 52. f6 Rf3 53. f7 Rf2+ 54. Kc1 h5 55. Kd1 Kh4 56. Ke1 Rf6 57. Re7 g4 0-1

[Event "HUN-chT2 9899"]
[Site "Hungary"]
[Date "1999.??.??"]
[Round "?"]
[White "Horvath, Andras"]
[Black "Gazda, Istvan"]
[Result "1-0"]
[WhiteElo "2250"]
[BlackElo "2280"]
[PlyCount "125"]
[EventDate "1998.??.??"]
[EventType "team"]
[EventRounds "12"]
[EventCountry "HUN"]
[SourceTitle "EXT 2000"]
[Source "ChessBase"]
[SourceDate "1999.11.16"]
[SourceVersion "1"]
[SourceVersionDate "1999.11.16"]
[SourceQuality "1"]

1. e4 d5 2. exd5 Nf6 3. Nc3 Nxd5 4. Bc4 e6 5. Qf3 Nb6 6. Bb3 c5 7. d3 Nc6 8. Nge2 Nd4 9. Nxd4 cxd4 10. Ne4 Be7 11. Qg3 0-0 12. Bh6 Bf6 13. 0-0 Kh8 14. Nxf6 Qxf6 15. Bf4 Nd7 16. Rae1 b6 17. Ba4 e5 18. Bxe5 Nxe5 19. Qxe5 Qxe5 20. Rxe5 Be6 21. Re4 Rfd8 22. Rfe1 g6 23. Bb3 Bxb3 24. axb3 Rac8 25. R1e2 Rd7 26. Re8+ Rxe8 27. Rxe8+ Kg7 28. Kf1 Rc7 29. Re2 Kf6 30. Ke1 Kf5 31. Kd2 h5 32. Re8 g5 33. Rd8 Ke5 34. Re8+ Kd5 35. g3 a5 36. Rh8 h4 37. Rh5 hxg3 38. Rxg5+ Ke6 39. fxg3 f6 40. Rg8 Rh7 41. h4 b5 42. c3 dxc3+ 43. bxc3 a4 44. bxa4 bxa4 45. Kc2 Rb7 46. Ra8 Rg7 47. Rxa4 Rxg3 48. Re4+ Kd5 49. c4+ Kd6 50. Kd2 Rh3 51. d4 f5 52. Rf4 Ke6 53. c5 Kd5 54. Ke2 Ke6 55. Kf2 Rd3 56. Ke2 Rh3 57. Kd2 Kd5 58. Kc2 Ra3 59. Kb2 Rh3 60. Rxf5+ Kxd4 61. h5 Re3 62. c6 Re7 63. h6 1-0

[Event "HUN-chT2 9899"]
[Site "Hungary"]
[Date "1998.??.??"]
[Round "?"]
[White "Gazda, Istvan"]
[Black "Rigan, Jozsef"]
[Result "1-0"]
[WhiteElo "2280"]
[BlackElo "2200"]
[PlyCount "131"]
[EventDate "1998.??.??"]
[EventType "team"]
[EventRounds "12"]
[EventCountry "HUN"]
[SourceTitle "EXT 2000"]
[Source "ChessBase"]
[SourceDate "1999.11.16"]
[SourceVersion "1"]
[SourceVersionDate "1999.11.16"]
[SourceQuality "1"]

1. d4 Nf6 2. c4 e6 3. Nc3 d5 4. Bg5 Be7 5. e3 0-0 6. Nf3 c6 7. Rc1 Re8 8. Bd3 Nbd7 9. 0-0 Bd6 10. e4 dxe4 11. Nxe4 Be7 12. Ng3 c5 13. Qe2 cxd4 14. Nxd4 Nc5 15. Rfd1 Bd7 16. Bb1 a5 17. Bxf6 Bxf6 18. Qh5 Qb6 19. Nb3 Bc6 20. Qxc5 Qxc5 21. Nxc5 Bxb2 22. Rc2 Ba3 23. Nb3 Bb4 24. Rcc1 f5 25. Nd4 Ba3 26. Rc3 Bb2 27. Rcd3 Rac8 28. Nxc6 Rxc6 29. Rd8 Kf8 30. Rxe8+ Kxe8 31. Bd3 a4 32. Kf1 g6 33. Ke2 e5 34. f3 b6 35. Nf1 a3 36. Ne3 h5 37. Bc2 Rc8 38. Ba4+ Kf8 39. Bb5 Bd4 40. Nc2 Bc5 41. Rd7 Kg8 42. Ra7 e4 43. f4 Rd8 44. Rd7 Rf8 45. Nd4 Rf6 46. Nc6 h4 47. Ne5 h3 48. Kf1 hxg2+ 49. Kxg2 Be3 50. Kg3 g5 51. fxg5 Bxg5 52. c5 bxc5 53. Bc4+ Kf8 54. Rf7+ Rxf7 55. Nxf7 Bd2 56. Nd6 Ke7 57. Nxf5+ Kf6 58. Kg4 Ke5 59. h4 Bc1 60. h5 Bd2 61. h6 Bxh6 62. Nxh6 Kd4 63. Ba6 c4 64. Nf5+ Kc5 65. Kf4 c3 66. Ne3 1-0

[Event "HUN-chT2 9899"]
[Site "Hungary"]
[Date "1998.??.??"]
[Round "?"]
[White "Hetenyi, Geza"]
[Black "Gazda, Istvan"]
[Result "1-0"]
[WhiteElo "2235"]
[BlackElo "2280"]
[PlyCount "87"]
[EventDate "1998.??.??"]
[EventType "team"]
[EventRounds "12"]
[EventCountry "HUN"]
[SourceTitle "EXT 2000"]
[Source "ChessBase"]
[SourceDate "1999.11.16"]
[SourceVersion "1"]
[SourceVersionDate "1999.11.16"]
[SourceQuality "1"]

1. d4 Nf6 2. c4 e6 3. Nf3 d5 4. Nc3 Nbd7 5. Bg5 Be7 6. e3 h6 7. Bh4 0-0 8. Rc1 b6 9. Qa4 Bb7 10. cxd5 exd5 11. Ba6 Bxa6 12. Qxa6 c5 13. 0-0 c4 14. Rfd1 Qc8 15. Qa4 a6 16. Ne5 b5 17. Qc2 Qc7 18. Bg3 Bd6 19. Qf5 Nb6 20. Bh4 b4 21. Bxf6 gxf6 22. Ng4 Qc8 23. Nxf6+ Kg7 24. Nh5+ Kg8 25. Qf6 Qg4 26. Qxd6 Qxh5 27. Qxb6 bxc3 28. bxc3 Rfb8 29. Qc6 Qe2 30. Qxd5 Qxa2 31. e4 Qb3 32. e5 a5 33. e6 fxe6 34. Qxe6+ Kg7 35. d5 Re8 36. Qg4+ Kh7 37. d6 Rad8 38. d7 Re7 39. Qf5+ Kg7 40. Rd6 Qxc3 41. Qg6+ Kh8 42. Qxh6+ Kg8 43. Rg6+ Kf7 44. Qh7+ 1-0

[Event "HUN-chT2"]
[Site "Hungary"]
[Date "1997.??.??"]
[Round "5"]
[White "Fodre, Sandor"]
[Black "Gazda, Istvan"]
[Result "1-0"]
[WhiteElo "2260"]
[BlackElo "2280"]
[PlyCount "73"]
[EventDate "1997.??.??"]
[EventType "team-swiss"]
[EventRounds "13"]
[EventCountry "HUN"]
[SourceTitle "EXT 2006"]
[Source "ChessBase"]
[SourceDate "2005.11.24"]
[SourceVersion "1"]
[SourceVersionDate "2005.11.24"]
[SourceQuality "1"]

1. e4 d5 2. exd5 Nf6 3. c4 e6 4. dxe6 Bxe6 5. d4 Bb4+ 6. Bd2 Bxd2+ 7. Qxd2 Qe7 8. Qe2 Nc6 9. Nf3 0-0-0 10. Nc3 Nxd4 11. Nxd4 Rxd4 12. Rd1 Rhd8 13. Rxd4 Rxd4 14. Qe5 Qd7 15. Qc5 b6 16. Qf8+ Kb7 17. Be2 Bxc4 18. Bxc4 Rxc4 19. 0-0 Rg4 20. g3 Qe8 21. Qa3 Rg5 22. Qb4 Qe6 23. Qf4 Rf5 24. Qd4 Rh5 25. f3 Re5 26. Kg2 Nd5 27. Rf2 Nxc3 28. Qxc3 f6 29. f4 Re3 30. Qd4 Re4 31. Qd3 Qc6 32. Kh3 Qe6+ 33. Kg2 f5 34. Rc2 Re3 35. Qd4 Re4 36. Qxg7 Qxa2 37. Rxc7+ 1-0

[Event "HUN-chT2"]
[Site "Hungary"]
[Date "1997.??.??"]
[Round "11"]
[White "Gazda, Istvan"]
[Black "Hazai, Laszlo"]
[Result "1/2-1/2"]
[WhiteElo "2280"]
[BlackElo "2455"]
[PlyCount "24"]
[EventDate "1997.??.??"]
[EventType "team-swiss"]
[EventRounds "13"]
[EventCountry "HUN"]
[SourceTitle "EXT 2006"]
[Source "ChessBase"]
[SourceDate "2005.11.24"]
[SourceVersion "1"]
[SourceVersionDate "2005.11.24"]
[SourceQuality "1"]

1. d4 Nf6 2. c4 g6 3. Nc3 Bg7 4. e4 d6 5. f4 0-0 6. Nf3 c5 7. Be2 cxd4 8. Nxd4 Nc6 9. Be3 Bd7 10. 0-0 Nxd4 11. Bxd4 Bc6 12. Bf3 a6 1/2-1/2